000 00871cab a2200217 4500
001 E85229
008 090401t1997 xxu||||| |||| 00| 0 eng d
035 _a(Sirsi) u79641
041 _aeng
245 _aFord Motor Co Ltd v HLM Design Ltd
260 _c1997
350 _a0
490 _aScots Law Times
_v1997 SLT 837-842(6)
520 _aOuter House. 24 April 1996. Reparation - architect - relevancy of averments of loss - owners of building suing architect for damages of subsidence - owners having let building to tenants under full repairing lease - whether owners` rights against tenants under lease capable of restricting claim against architect.
650 _aARCHITECTS
650 _aFULL REPAIRING LEASES
650 _aPROFESSIONAL NEGLIGENCE
690 _aMANAGEMENT-BUSINESS MANAGEMENT-PROFESSIONAL PRACTICE
942 _n0
948 _c16/07/1997
999 _c50086
_d50086